Minecraft - Craftable or Not? - Statistics

General Stats
  • This quiz has been taken 1,817 times
    693 since last reset
  • The average score is 11 of 15
Answer Stats
Question Answer % Correct
Golden Apple Craftable
94%
Brewing Stand Craftable
92%
Arrow of Harming Craftable
79%
Iron Horse Armour Uncraftable
79%
Charcoal Uncraftable
79%
Skulk Sensor Uncraftable
78%
Coarse Dirt Craftable
77%
Mossy Cobblestone Craftable
76%
Bee Nest Uncraftable
71%
Bell Uncraftable
66%
Netherite Upgrade Craftable
64%
Terracotta Uncraftable
56%
Netherite Chestplate Uncraftable
55%
Saddle Craftable
50%
Honey Bottle Craftable
41%
No matching quizzes found
Score Distribution
Percent of People with Each Score
Percentile by Number Answered
Your Score History
You have not taken this quiz since the last reset